000 00469nam a2200181Ia 4500
001 24804
005 20260414151108.0
008 260414t1998||||xx |||||||||||||| ||spa||
041 _aESP
082 _a346
_bC34
100 _aCastillo Freyre, Mario
_eAUT
245 0 _aTentaciones académicas :
_bla reforma del código civil peruano de 1984
260 _c1998
300 _a488 páginas :
_c24 cm.
650 _aDER
654 _aCDE
942 _cLIB
_dJUS
_fJUS
_2ddc
_n
999 _c24804
_d24804